000 01242cam a2200229 4500
001 ##L134887
008 060908n2006 000 0 eng u
035 _a(Sirsi) u134887
041 0 _aeng
050 0 4 _a333.33 $2 18
110 2 _aNationwide Building Society
_91019
245 0 0 _aNationwide monthly house price review
_bAugust 2006
260 _aLondon
_bNationwide
_c2006
490 0 _aNationwide Monthly House Price Review
_vAugust 2006
520 _aHouse prices increased by 0.8% in August, with the annual rate of growth rising to 6.6%. This rate of growth is nearly three times faster than this time last year. The price of a typical UK house is now £167 721, £10 412 higher than in August 2005. Base rates are expected to rise to 5% by the end of the year, however it is thought that the market will not slow as sharply as it did during the last round of interest rate rises between November 2003 and August 2004.
590 _aIKA190906
650 2 4 _aNATIONWIDE MONTHLY HOUSE PRICE REVIEW
651 4 _aUnited Kingdom
_y
690 _aPROPERTY-RESIDENTIAL PROPERTY-RESIDENTIAL PROPERTY MARKET
856 4 0 _uhttps://nationwide.co.uk/hpi/review.htm
_zView the item free of charge at www.nationwide.co.uk...
942 _n0
999 _c105833
_d105833